LOC Classification - K - Statistics

General Stats
  • This quiz has been taken 3 times
  • The average score is 5 of 15
Answer Stats
Subclass Answer % Correct
K Law in general. Comparative and uniform law. Jurisprudence.
100%
KDZ America. North America.
50%
KL - KWX Asia and Eurasia, Africa, Pacific Area, and Antarctica
50%
KJ - KKZ Europe
50%
KBR History of canon law
50%
KG Latin America - Mexico and Central America - West Indies, Caribbean area
50%
KH South America
50%
KF United States.
50%
KE Canada
0%
KBP Islamic Law
0%
KBM Jewish Law
0%
KZ Law of nations
0%
KBU Law of the Roman Catholic Church. The Holy See
0%
KB Religious law in general. Comparative religious law. Jurisprudence.
0%
KD - KDK United Kingdom and Ireland
0%
No matching quizzes found
Score Distribution
Percent of People with Each Score
Percentile by Number Answered
Your Score History
You have not taken this quiz